Normal view
MARC view
- SPACE VEHICLES - ELECTRONIC EQUIPMENT, DETECTORS, ASTRIONICS.SPACECRAFT SENSORS
Entry Topical Term
001 - CONTROL NUMBER
- control field: 62171
003 - CONTROL NUMBER IDENTIFIER
- control field: NUST
005 - DATE AND TIME OF LATEST TRANSACTION
- control field: 20210628202904.0
008 - FIXED-LENGTH DATA ELEMENTS
- fixed length control field: 210628|| aca||aabn | a|a d
040 ## - CATALOGING SOURCE
- Original cataloging agency: NUST
- Transcribing agency: NUST
150 ## - HEADING--TOPICAL TERM
- Topical term or geographic name entry element: SPACE VEHICLES - ELECTRONIC EQUIPMENT, DETECTORS, ASTRIONICS.SPACECRAFT SENSORS
670 ## - SOURCE DATA FOUND
- Source citation: Work cat.: (NUST): Mohammed M. Abid Abid , Mohamed . M 62170, Spacecraft sensors, 2005
